000 01081nam a2200313 i 4500
001 14128
003 KOSZ 005
005 20200615085845.0
008 070925s1971 pl a f 000 0 pol
015 _aPB 1971/5152
035 _a(OCoLC)839175411
040 _aWA N
_cWA N
_dKOSZ 005/KK
080 _a72.025:719
100 1 _aBorusiewicz, Władysław
_d(1909-1999)
_eAutor
245 1 0 _aKonserwacja zabytków budownictwa murowanego /
_cWładysław Borusiewicz.
260 _aWarszawa :
_b"Arkady",
_c1971.
300 _a227, [1] stron :
_bilustracje ;
_c23 cm.
336 _2rdacontent
_aTekst
_btxt
337 _2rdamedia
_aBez urządzenia pośredniczącego
_bn
338 _2rdacarrier
_aWolumin
_bnc
380 _aKsiążki.
504 _aBibliografia na stronach 223-[228].
658 _aArchitektura i budownictwo
650 4 _aBudownictwo
650 4 _aKonserwatorstwo
710 2 _aWydawnictwo "Arkady".
_4pbl.
856 _uhttp://koha.tu.koszalin.pl/cgi-bin/koha/opac-detail.pl?biblionumber=14128
_yKatalog online BPK
942 _2UKD
_cKS
999 _c14128
_d14128